|
|
|
|
| LEADER |
00000nam0a2200000 4500 |
| 001 |
74375 |
| 005 |
20231101212745.0 |
| 035 |
|
|
|a (RuTPU)RU\TPU\book\79315
|
| 090 |
|
|
|a 74375
|
| 100 |
|
|
|a 20050303d1969 km y0rusy50 ca
|
| 101 |
0 |
|
|a rus
|a fre
|
| 102 |
|
|
|a RU
|
| 105 |
|
|
|a a e 001zy
|
| 200 |
1 |
|
|a Русско-французский словарь
|e 50000 слов
|f Л. В. Щерба, М. И. Матусевич
|g Под ред. Л. В. Щербы
|
| 205 |
|
|
|a 9-е изд., испр. и доп.
|
| 210 |
|
|
|a Москва
|c Советская энциклопедия
|d 1969
|
| 215 |
|
|
|a 839 с.
|c ил.
|
| 300 |
|
|
|a Доп. тит. лист
|
| 320 |
|
|
|a Библиогр.: с. 10.
|
| 606 |
1 |
|
|a Французский язык
|x Словари
|2 stltpush
|3 (RuTPU)RU\TPU\subj\16828
|9 42728
|
| 610 |
1 |
|
|a словари
|
| 610 |
1 |
|
|a русско-французские словари
|
| 610 |
1 |
|
|a переводы
|
| 610 |
1 |
|
|a грамматика
|
| 610 |
1 |
|
|a лексика
|
| 686 |
|
|
|a Ш147.11-4
|2 rubbk
|
| 700 |
|
1 |
|a Щерба
|b Л. В.
|g Лев Владимирович
|
| 701 |
|
1 |
|a Матусевич
|b М. И.
|g Маргарита Ивановна
|
| 702 |
|
1 |
|a Щерба
|b Л. В.
|g Лев Владимирович
|4 340
|
| 801 |
|
1 |
|a RU
|b 63413507
|c 20050303
|g PSBO
|
| 801 |
|
2 |
|a RU
|b 63413507
|c 20180222
|g PSBO
|
| 942 |
|
|
|c BK
|